[Event "AUTO-MASTER-2100"]
[Site "http://www.queenalice.com/game.php?id=1286839"]
[Date "2014.6.8"]
[Round "1"]
[White "jgces"]
[Black "jupar"]
[Result "0-1"]
[WhiteElo "2084"]
[BlackElo "1992"]

1. d4 d5 2. c4 e6 3. Nf3 Nf6 4. Nc3 c6 5. e3 Bd6 6. c5 Bc7 7. Be2 Nbd7 8. b4 e5
9. dxe5 Nxe5 10. Bb2 O-O 11. O-O Nxf3+ 12. Bxf3 Bf5 13. Re1 Re8 14. Ne2 Qe7 15.
Ng3 Bg6 16. Nh5 Nxh5 17. Bxh5 Qh4 18. Bxg6 Qxh2+ 19. Kf1 hxg6 20. f4 Qg3 21. Qd4
f6 22. Ke2 Re4 23. Qd3 Bxf4 24. Bd4 Rae8 25. Kd2 Qxg2+ 26. Re2 Qg4 27. Rae1 Be5
28. Bxe5 R8xe5 29. b5 d4 30. Qb3+ Kf8 31. Rh1 dxe3+ 32. Kc1 Rxc5+ 33. Rc2 Rxc2+
34. Qxc2 Rc4 0-1

[Event "AUTO-MASTER-2100"]
[Site "http://www.queenalice.com/game.php?id=1286844"]
[Date "2014.6.8"]
[Round "1"]
[White "o3bor52"]
[Black "jgces"]
[Result "1-0"]
[WhiteElo "1969"]
[BlackElo "2072"]

1. e4 e6 2. d4 d5 3. exd5 exd5 4. Bd3 Nf6 5. h3 Be7 6. Nf3 O-O 7. O-O b6 8. Be3
Ba6 9. Nc3 Bxd3 10. Qxd3 Nbd7 11. Ne2 Ne4 12. c3 c6 13. Ne5 Re8 14. Nxc6 Qc7 15.
Nxe7+ Rxe7 16. Nf4 Ndf6 17. f3 Ng3 18. Rfe1 Rae8 19. Qd2 Qc4 20. Nd3 Nd7 21. b3
Qc7 22. Nb4 Qd6 23. Nd3 Qg6 24. Nf4 Qf5 25. Bf2 Nh5 26. Nxh5 Qxh5 27. Rxe7 Rxe7
28. Re1 Rxe1+ 29. Qxe1 Kf8 30. c4 Nf6 31. Qb4+ Ke8 32. Qa4+ Nd7 33. Qxa7 dxc4
34. Qa8+ Ke7 35. bxc4 1-0

[Event "AUTO-MASTER-2100"]
[Site "http://www.queenalice.com/game.php?id=1286845"]
[Date "2014.6.8"]
[Round "1"]
[White "jgces"]
[Black "o3bor52"]
[Result "0-1"]
[WhiteElo "2039"]
[BlackElo "1989"]

1. d4 e6 2. c4 b6 3. Nf3 Bb7 4. g3 d6 5. Bg2 Nd7 6. O-O h6 7. Nc3 Ne7 8. b3 a6
9. Re1 g6 10. Bb2 Bg7 11. e4 O-O 12. Qc2 Kh7 13. Rad1 Ng8 14. h4 Ndf6 15. e5 Ne8
16. h5 Ne7 17. hxg6+ fxg6 18. Ng5+ hxg5 19. Bxb7 Ra7 20. Be4 Nf5 21. g4 Ne7 22.
Kg2 Bh6 23. Rh1 Rh8 24. f4 Kg7 0-1

[Event "AUTO-MASTER-2111"]
[Site "http://www.queenalice.com/game.php?id=1290637"]
[Date "2014.6.26"]
[Round "1"]
[White "Guilherme_Ottoni"]
[Black "jgces"]
[Result "1-0"]
[WhiteElo "2121"]
[BlackElo "2052"]

1. e4 e6 2. d3 d5 3. Nd2 Nf6 4. Ngf3 dxe4 5. dxe4 b6 6. Bb5+ Bd7 7. Bxd7+ Nbxd7
8. Qe2 Be7 9. O-O c5 10. Rd1 O-O 11. c4 Qc7 12. h3 Rad8 13. b3 Ne5 14. Bb2 Nd3
15. Bc3 Nf4 16. Qe1 Nd7 17. Nf1 Bf6 18. e5 Be7 19. Qe4 Ng6 20. N1h2 Nb8 21. Ng4
Nc6 22. Re1 Rd7 23. Red1 Rfd8 24. Ne3 Rxd1+ 25. Rxd1 Rxd1+ 26. Nxd1 Qd7 27. Ne3
Bd8 28. Kf1 Bc7 29. h4 h6 30. h5 Nge7 31. Ne1 a5 32. f4 Nd4 33. Nf3 Nef5 34.
Nxf5 Nxf5 35. Kf2 Bd8 36. g4 Nh4 37. Kg3 Nxf3 38. Kxf3 Qd1+ 39. Qe2 Qd7 40. Qd2
Qb7+ 41. Ke3 Bh4 42. Qe2 Qh1 43. Qf3 Qc1+ 44. Bd2 Qb2 45. Qa8+ Kh7 46. Qe4+ 1-0

[Event "AUTO-MASTER-2111"]
[Site "http://www.queenalice.com/game.php?id=1290638"]
[Date "2014.6.26"]
[Round "1"]
[White "jgces"]
[Black "Guilherme_Ottoni"]
[Result "1-0"]
[WhiteElo "2071"]
[BlackElo "2093"]

1. d4 Nf6 2. c4 g6 3. Nf3 Bg7 4. Bg5 d6 5. Nc3 Bg4 6. Qd2 h6 7. Bf4 Nbd7 8. h3
Bxf3 9. exf3 e5 10. Be3 a6 11. Bd3 Qe7 12. O-O O-O-O 13. Rac1 Kb8 14. b4 exd4
15. Bxd4 Nh5 16. Bxg7 Nxg7 17. b5 Nc5 18. bxa6 Nxa6 19. Nd5 Qd7 20. Rb1 Nc5 21.
a4 Qxa4 22. Ra1 Qc6 23. Qa5 Na6 24. Rfb1 Ka7 25. Nxc7 Ne6 26. Be4 1-0

[Event "AUTO-MASTER-2111"]
[Site "http://www.queenalice.com/game.php?id=1290651"]
[Date "2014.6.26"]
[Round "1"]
[White "jgces"]
[Black "areis"]
[Result "0-1"]
[WhiteElo "1955"]
[BlackElo "2074"]

1. d4 Nf6 2. c4 g6 3. Nc3 Bg7 4. Bg5 c6 5. Qd2 O-O 6. Bh6 d6 7. Nf3 Bg4 8. Bxg7
Kxg7 9. h3 Bxf3 10. exf3 Nbd7 11. Be2 e5 12. O-O Re8 13. Rad1 Qc7 14. dxe5 dxe5
15. Qd6 Qxd6 16. Rxd6 Re7 17. Rfd1 Nc5 18. b4 Na6 19. a3 Rae8 20. c5 Nc7 21. Bc4
Ne6 22. Bxe6 Rxe6 23. g4 R8e7 24. g5 Ne8 25. Rxe6 fxe6 26. Ne4 Nc7 27. Nc3 Nd5
28. Ne4 Nf4 29. Kh2 Nd5 30. Kg3 b6 31. cxb6 axb6 32. Rc1 Rc7 33. Nd6 Kf8 34. Nc4
Ke7 35. Nxe5 c5 36. bxc5 bxc5 37. f4 Kd6 38. a4 Ra7 39. Nc4+ Kc6 40. a5 Kb5 41.
Kf3 Ra6 42. Ke4 Nb4 43. Rc3 Nc6 44. Ne5 Rxa5 45. Nxc6 Kxc6 46. Ke5 Kd7 47. Kf6
Kd6 48. Rd3+ Kc6 49. Kxe6 c4 50. Rd4 Rc5 51. Kf7 Kb5 52. Kg7 Rc7+ 53. Kh6 c3 54.
Re4 c2 55. Re1 Kb4 56. h4 Kb3 57. h5 gxh5 58. Kxh5 Kb2 59. f5 Rd7 60. Re2 Kb1
61. Rxc2 Kxc2 62. Kh6 Rf7 0-1

[Event "AUTO-MASTER-2111"]
[Site "http://www.queenalice.com/game.php?id=1290652"]
[Date "2014.6.26"]
[Round "1"]
[White "areis"]
[Black "jgces"]
[Result "1-0"]
[WhiteElo "2032"]
[BlackElo "1996"]

1. e4 e6 2. d4 d5 3. exd5 exd5 4. Nf3 Nf6 5. Bd3 Be7 6. O-O O-O 7. Re1 Bg4 8.
Be2 Nbd7 9. Be3 Ne4 10. Nbd2 Ndf6 11. c4 Nxd2 12. Nxd2 Bxe2 13. Qxe2 dxc4 14.
Qxc4 c6 15. Bg5 Nd5 16. Bxe7 Nxe7 17. Re2 Re8 18. Rae1 Qd7 19. Qc5 b6 20. Qa3
Kf8 21. Nf3 Rad8 22. Ne5 Qd6 23. Qxa7 Qxd4 24. Nf3 Nc8 25. Qa3+ Qc5 26. Qxc5+
bxc5 27. Rc2 Rd5 28. Rec1 Red8 29. h3 f6 30. Rxc5 Ne7 31. b4 Rd1+ 32. Kh2 R1d3
33. R1c3 Rxc3 34. Rxc3 Rd1 35. a4 Ra1 36. a5 Rb1 37. Rc4 Nd5 38. Rxc6 Rxb4 39.
a6 Ke7 40. Rc8 Ra4 41. Rc5 Kd6 42. Rc8 Rxa6 43. Rh8 h6 44. Rh7 Ra7 45. Nd4 Ra2
46. f3 Nf4 47. Rxg7 1-0

[Event "AUTO-MASTER-2111"]
[Site "http://www.queenalice.com/game.php?id=1290653"]
[Date "2014.6.26"]
[Round "1"]
[White "jgces"]
[Black "Canaye"]
[Result "1-0"]
[WhiteElo "2064"]
[BlackElo "1870"]

1. d4 e6 2. c4 d5 3. Nc3 Bb4 4. Nf3 Nf6 5. Qa4+ Nc6 6. Ne5 Bxc3+ 7. bxc3 Bd7 8.
Nxd7 Qxd7 9. Ba3 dxc4 10. e3 Ne4 11. Qc2 Nd6 12. Bxd6 Qxd6 13. Bxc4 O-O 14. O-O
a6 15. Bd3 f5 16. f4 b5 17. a4 b4 18. Bc4 Kh8 19. cxb4 Nxb4 20. Qd2 a5 21. Rfd1
Rad8 22. Qe2 Rf6 23. Rac1 Rg6 24. Bb5 c6 25. Ba6 Qd5 26. g3 Rg4 27. Bc4 Qd6 28.
Qf3 Nd5 29. Bxd5 cxd5 30. Qe2 h5 31. Qb5 h4 32. Kf2 h3 33. Qxa5 Rg6 34. Rc6 Qb8
35. Rdc1 Qb3 36. Qxd8+ Kh7 37. Rc8 Rf6 38. Qh8+ Kg6 39. R8c7 Qb2+ 40. R1c2 1-0

[Event "AUTO-MASTER-2111"]
[Site "http://www.queenalice.com/game.php?id=1290654"]
[Date "2014.6.26"]
[Round "1"]
[White "Canaye"]
[Black "jgces"]
[Result "1-0"]
[WhiteElo "1801"]
[BlackElo "2021"]

1. d4 d5 2. c4 e6 3. Nc3 Nf6 4. cxd5 exd5 5. Bg5 Be7 6. e3 O-O 7. Bd3 Re8 8.
Nge2 c6 9. Qc2 h6 10. Bxf6 Bxf6 11. O-O Nd7 12. Nf4 Nf8 13. Nh5 g6 14. Nxf6+
Qxf6 15. Ne2 Ne6 16. f4 Ng7 17. Qd2 Bf5 18. Ng3 Bxd3 19. Qxd3 Re7 20. f5 Qg5 21.
fxg6 fxg6 22. Rae1 Rae8 23. Rf3 Rf8 24. Rxf8+ Kxf8 25. e4 dxe4 26. Nxe4 Qh4 27.
Rf1+ Rf7 28. Rxf7+ Kxf7 29. Qf3+ Kg8 30. g3 Qe7 31. d5 cxd5 32. Nf6+ Kh8 33.
Nxd5 Qe1+ 34. Kg2 Nf5 35. Qc3+ Qxc3 36. Nxc3 Kg7 37. Kf3 Kf7 38. Nb5 a6 39. Nc3
Ke6 40. Ne4 b6 41. Nc3 Ke5 42. b3 Nd4+ 43. Ke3 b5 44. Nd1 Nc2+ 45. Kf3 Nb4 46.
a3 Nc2 47. a4 Nd4+ 48. Ke3 Nxb3 49. axb5 axb5 50. Kd3 Nd4 51. Ne3 h5 52. h3 Nf5
53. Nf1 1-0

[Event "AUTO-MASTER-2155"]
[Site "http://www.queenalice.com/game.php?id=1308351"]
[Date "2014.9.15"]
[Round "1"]
[White "dksece"]
[Black "jgces"]
[Result "1-0"]
[WhiteElo "2285"]
[BlackElo "1961"]

1. f4 d5 2. Nf3 Nf6 3. e3 c5 4. Be2 e6 5. O-O g6 6. b3 Bg7 7. Bb2 O-O 8. Ne5
Nbd7 9. d3 b6 10. Nd2 Bb7 11. Ndf3 Qc7 12. Nxd7 Qxd7 13. Ne5 Qc7 14. a4 Nd7 15.
Nxd7 Qxd7 16. Bxg7 Kxg7 17. Bf3 Rac8 18. c4 1-0

[Event "AUTO-MASTER-2155"]
[Site "http://www.queenalice.com/game.php?id=1308352"]
[Date "2014.9.15"]
[Round "1"]
[White "jgces"]
[Black "dksece"]
[Result "0-1"]
[WhiteElo "1958"]
[BlackElo "2287"]

1. d4 Nc6 2. d5 Ne5 3. f4 Ng6 4. Nf3 e6 5. e4 exd5 6. exd5 Bc5 7. Bd3 d6 8. Qe2+
Qe7 9. Qxe7+ N8xe7 10. c4 Bf5 11. Bxf5 Nxf5 12. Nc3 a6 13. a4 Ne3 14. Bxe3 Bxe3
15. g3 O-O 16. Ke2 Ba7 17. Rhe1 Rfe8+ 0-1

[Event "AUTO-MASTER-2155"]
[Site "http://www.queenalice.com/game.php?id=1308368"]
[Date "2014.9.15"]
[Round "1"]
[White "testouverture"]
[Black "jgces"]
[Result "1-0"]
[WhiteElo "2247"]
[BlackElo "1966"]

1. d4 d5 2. c4 e6 3. Nc3 Nf6 4. Bg5 Be7 5. e3 O-O 6. Qc2 c6 7. Nf3 Nbd7 8. a3
Re8 9. Rd1 Qc7 10. Bd3 dxc4 11. Bxc4 1-0